000 00878nam a22002177a 4500
999 _c12239
_d12239
003 AR-CdUCM
008 190408b ||||| |||| 00| 0 spa d
040 _aMUNICIPALIDAD PROVINCIAL DEL CUSCO
_cBIBLIOTECA MUNICIPAL DEL CUSCO
082 _a332.16 /
_bM533 / 1935
110 _aSuperintendencia de bancos del Perú
_929995
245 _aMemoria de la superintendencia de bancos y estadística bancaria correspondiente al año 1934 /
260 _aLima :
_bImprenta Gil,
_c1935.
300 _a315 páginas ;
_bCuadros,
_c24 cm.
500 _aOficio emitido por Victor Figardi C., superintendente de bancos.
505 _aContenido: Resumen de labores realizadas sobre la situación general bancaria.
650 _aResumen bancario
_929996
650 _aSuperintendencia de bancos
_929997
650 _aLima Perú
_923155
942 _2ddc
_cLIBROS
945 _adavv
_d08/04/2019